Návrh na rozšíření sortimentu společnosti WALMARK, a.s. formou rodinného balíčku

Saved in:
Bibliographic Details
Main Author Gembalová, Regina (Dissertant)
Other Authors Tučková, Zuzana (Thesis advisor)
Format Manuscript Book
LanguageCzech
Published 2010
Subjects
Online AccessPlný text v Digitální knihovně UTB
Physical Description69 s., 11 s. obr. příloh

Cover

LEADER 00000ntm a22000007u 4500
001 zp17050
041 |a cze 
100 1 |a Gembalová, Regina  |4 dis 
245 1 0 |a Návrh na rozšíření sortimentu společnosti WALMARK, a.s. formou rodinného balíčku 
246 |a Proposition for product line extension in Walmark, a.s. by introducing a family pack 
260 |c 2010 
300 |a 69 s., 11 s. obr. příloh 
500 |a Studijní obor: Management a ekonomika 
500 |a Studijní obor: Management and economics 
500 |a Ústav: Ústav podnikové ekonomiky 
500 |a Univerzita Tomáše Bati ve Zlíně. Fakulta managementu a ekonomiky 
500 |a Tomas Bata University in Zlín. Faculty of Management and Economics 
506 |a Bez omezení 
653 |a Marketing 
653 |a zákazník 
653 |a konkurence 
653 |a výrobek 
653 |a návrh 
653 |a trh 
653 |a analýza 
653 |a dotazník 
653 |a SWOT analýza 
653 |a farmacie 
653 |a doplněk stravy 
653 |a respondent 
653 |a Marketing 
653 |a customer 
653 |a competition 
653 |a product 
653 |a proposal 
653 |a market 
653 |a analysis 
653 |a survey 
653 |a questionnaire 
653 |a SWOT analysis 
653 |a pharmacy 
653 |a food supplement 
653 |a respondent 
655 4 |a bakalářská práce 
700 1 |a Tučková, Zuzana  |4 ths 
710 2 |a Univerzita Tomáše Bati ve Zlíně. Fakulta managementu a ekonomiky  |4 dgg 
710 2 |a Tomas Bata University in Zlín. Faculty of Management and Economics  |4 dgg 
856 4 0 |u http://hdl.handle.net/10563/12737  |y Plný text v Digitální knihovně UTB